Gemeinden von Murau - Statistiken

Allgemein
  • Dieses Quiz wurde 173 mal gespielt
  • Das Durchschnittsergebnis liegt bei 9 aus 14
Antwortstatistiken
Einwohner Gemeinde % Korrekt
3.551 Murau
100%
1.660 Stadl-Predlitz
72%
2.936 Oberwölz
70%
2.113 Scheifling
70%
2.060 St. Peter am Kammersberg
70%
4.907 Neumarkt in der Steiermark
69%
1.390 Krakau
67%
1.807 St. Lambrecht
67%
602 Niederwölz
62%
940 Schöder
62%
1.765 St. Georgen am Kreischberg
62%
1.164 Ranten
59%
1.886 Teufenbach-Katsch
46%
878 Mühlen
39%
Keine übereinstimmenden Quizze gefunden
Verteilung der Resultate
Anzahl Personen mit jedem Resultat
Perzentil nach korrekt beantworteten Fragen
Ihre Resultats-Entwicklung
Sie haben dieses Quiz noch nicht gespielt